|
|
|
|
| LEADER |
00000nam0a2200000 4500 |
| 001 |
144491 |
| 005 |
20231031143722.0 |
| 010 |
|
|
|a 5280015032
|
| 020 |
|
|
|a RU
|b 91-52333
|
| 035 |
|
|
|a (RuTPU)RU\TPU\book\156585
|
| 090 |
|
|
|a 144491
|
| 100 |
|
|
|a 20081003d1991 m y0rusy5003 ca
|
| 101 |
0 |
|
|a rus
|c ukr
|
| 102 |
|
|
|a RU
|
| 105 |
|
|
|a y z 000ay
|
| 200 |
1 |
|
|a Батальон необмундированных
|e роман и повести
|e пер. с укр.
|f Д. А. Мищенко
|
| 210 |
|
|
|a Москва
|c Художественная литература
|d 1991
|
| 215 |
|
|
|a 525,[2] с.
|d 20 см
|
| 610 |
1 |
|
|a Великая Отечественная война 1941-1945 гг.
|
| 610 |
1 |
|
|a украинская литература
|
| 610 |
1 |
|
|a романы
|
| 610 |
1 |
|
|a повести
|
| 675 |
|
|
|a 883
|z rus
|
| 700 |
|
1 |
|a Мищенко
|b Д. А.
|g Дмитрий Алексеевич
|4 070
|
| 801 |
|
0 |
|a RU
|b RuMRKP
|c 19950417
|g psbo
|
| 801 |
|
1 |
|a RU
|b 63413507
|c 20081003
|g PSBO
|
| 801 |
|
2 |
|a RU
|b 63413507
|c 20081003
|g PSBO
|
| 942 |
|
|
|c BK
|